Statistiques concernant Maths rapides

Cliquez ici pour prendre le quiz!

Statistiques générales

  • Ce quiz a été pris 2 869 fois
    (2 868 depuis la dernière actualisation)
  • Le résultat moyen est 3 sur 10

Statistiques - réponses

QuestionsRéponses% Correct
10-9=1
100%
129+99=228
71%
3,2:10=0,32
60%
30-15=15
30%
720:1000=0,720
28%
345-69=276
21%
12+7+8+3=30
21%
76+(85:10)=84,5
9%
345+123=468
8%
4378+1362=5740
1%

Distribution des résultats

Percentile par nombre de réponses

% des personnes avec chaque résultat

Votre développement - résultats

Vous n’avez pas pris ce quiz depuis la dernière actualisation